Inovačná politika Fínska - komparácia so Slovenskom bakalárska práca

Salvato in:
Dettagli Bibliografici
Autore principale: Fúčela, Peter
Ente Autore: Národohospodárska fakulta EU. Katedra hospodárskej politiky
Altri autori: Nežinský, Eduard, 1972-
Natura: Libro
Lingua:slovacco
Pubblicazione: Bratislava 2013
Tags: Aggiungi Tag
Nessun Tag, puoi essere il primo ad aggiungerne!!

MARC

LEADER 00000nbm a2200000 4500
001 0172612
005 20161109112105.5
041 0 |a slo 
044 |a SK 
245 1 0 |a Inovačná politika Fínska - komparácia so Slovenskom  |b bakalárska práca  |c Peter Fúčela ; školiteľ: Eduard Nežinský 
264 1 |a Bratislava  |c 2013 
300 |a 59 s. 
100 1 |a Fúčela, Peter 
700 1 |a Nežinský, Eduard, 1972- 
710 2 |a Národohospodárska fakulta EU. Katedra hospodárskej politiky